Normal view
MARC view
- اعداد شمس الدين، سؤدد فؤاد
Entry Personal Name
001 - CONTROL NUMBER
- control field: 50293
003 - CONTROL NUMBER IDENTIFIER
- control field: JO-AjAnu
005 - DATE AND TIME OF LATEST TRANSACTION
- control field: 20230606082300.0
008 - FIXED-LENGTH DATA ELEMENTS
- fixed length control field: 230606|| aca||aabn | a|a d
040 ## - CATALOGING SOURCE
- Original cataloging agency: JO-AjAnu
- Transcribing agency: JO-AjAnu
100 ## - HEADING--PERSONAL NAME
- Personal name: اعداد شمس الدين، سؤدد فؤاد
670 ## - SOURCE DATA FOUND
- Source citation: Work cat.: (JO-AjAnu)25713: اعداد شمس الدين، سؤدد فؤاد, author, كنقويا: بناء الاجسام ورفع الاثقال: مائة سؤال وجواب